000 00991nac a22002897a 4500
001 BR9700590
003 BR-BrBNA
005 20240105121840.0
008 230509b bl.|||m| |||| 00| 0 por d
040 _aBR-BrBNA
_bpor
_cBiblioteca Nacional de Agricultura
072 _aE10
090 _aE10 BR9700590
100 1 _aSilva, E.R.A. da
110 1 _aInstituto de Planejamento Economico e Social, Brasilia, DF (Brasil). Inst. de Planejamento
_96240
245 1 _aA politica de preco uniformizado do oleo diesel e suas implicacoes no avanco da fronteira agricola
260 3 _aBrasilia, DF (Brasil):
_c1989.
300 _a25 p.
490 _aTexto para Discussao - Instituto de Planejamento Economico e Social (Brazil)
_vno. 18
_x
500 _a9 tables; 7 ref.
650 _aOleo Diesel
650 _aCombustivel
650 _aPolitica Comercial
650 _aPreco
650 _aCusto de Producao
909 _a202312
_bLúcia Elande
_c55
_dLúcia Elande
942 _2AGRIS
_n0
_cMS
999 _c287826
_d287826